Projecte de reforma administrativa : juliol, agost, setembre 1980 / Diputació de Barcelona juliol, agost, setembre 1980 / Diputació de Barcelona
Descripción Física:
5 v. ; 29 cm
Materias:
Barcelona. Diputació -- Administració
MARC
| LEADER | 00000nam a2200000Ia 4500 | ||
|---|---|---|---|
| 001 | 8080, 8081, 8082, 8083, 8084 | ||
| 008 | 160829s1980 xx 000 0 cat d | ||
| 080 | |a M-1-11, M-1-12, M-1-13, M-1-14, M-1-15 | ||
| 110 | 1 | |a Barcelona (Catalunya : Província). |b Diputació |9 52408 | |
| 245 | |a Projecte de reforma administrativa : |b juliol, agost, setembre 1980 / Diputació de Barcelona | ||
| 260 | |a Barcelona : |b Diputació, |c 1980 | ||
| 300 | |a 5 v. ; |c 29 cm | ||
| 590 | |a El v. 4 conté un organigrama amb l'estructura bàsica. | ||
| 590 | |a El v. 5 conté un gràfic de distribució salarial del personal amb retribució bruta mensual superior a 81.000 Pta i comandament. | ||
| 650 | |a Barcelona. Diputació |x Administració |9 33761 | ||
| 901 | |a Arxiu | ||
| 942 | |n 1 | ||
| 952 | |0 0 |1 0 |4 0 |6 M111_M112_M113_M114_M115 |7 1 |9 45489 |a Arxiu |b Arxiu |d 2016-12-01 |l 0 |o M-1-11, M-1-12, M-1-13, M-1-14, M-1-15 |p 8080, 8081, 8082, 80 |r 2016-12-01 00:00:00 |w 2016-12-01 |y ARXIU | ||
| 999 | |c 48654 |d 48654 | ||